[Event "Titled Tuesday intern op 01st Apr Early"]
[Site "Chess.com INT"]
[Date "2025.04.01"]
[Round "1"]
[White "Karttunen, Mika"]
[Black "Aadit, Bhatia"]
[Result "1-0"]
[WhiteElo "2489"]
[BlackElo "2106"]
[PlyCount "51"]
[EventDate "2025.04.01"]
[EventType "swiss (blitz)"]
[EventRounds "11"]
[EventCountry "USA"]
[SourceTitle "CB15_2025"]
[SourceDate "2025.04.09"]
[SourceVersion "1"]
[SourceVersionDate "2025.04.09"]
[SourceQuality "1"]

1. e4 e6 2. d4 d5 3. Nc3 Bb4 4. e5 b6 5. Bd2 Ba6 6. Nge2 Ne7 7. h4 c5 8. a3 Bxc3 9. bxc3 Nbc6 10. h5 Bxe2 11. Bxe2 cxd4 12. cxd4 Nxd4 13. Bd3 h6 14. Qg4 Ndf5 15. Bb5+ Kf8 16. Qf4 Qc7 17. g4 g5 18. hxg6 Nxg6 19. Qb4+ Nfe7 20. 0-0-0 Qxe5 21. Kb1 Rc8 22. f4 Qc7 23. Qb2 Qc5 24. f5 Ne5 25. Bb4 Qc7 26. f6 1-0

[Event "Titled Tuesday intern op 01st Apr Early"]
[Site "Chess.com INT"]
[Date "2025.04.01"]
[Round "5"]
[White "Osmonbekov, Talaibek D"]
[Black "Karttunen, Mika"]
[Result "1-0"]
[WhiteElo "2129"]
[BlackElo "2489"]
[PlyCount "77"]
[EventDate "2025.04.01"]
[EventType "swiss (blitz)"]
[EventRounds "11"]
[EventCountry "USA"]
[SourceTitle "CB15_2025"]
[SourceDate "2025.04.09"]
[SourceVersion "1"]
[SourceVersionDate "2025.04.09"]
[SourceQuality "1"]

1. d4 Nf6 2. Nc3 d5 3. Bf4 a6 4. e3 e6 5. Nf3 Nbd7 6. Bd3 c5 7. dxc5 Nxc5 8. 0-0 b5 9. Ne2 Bb7 10. Ned4 Be7 11. c3 Nxd3 12. Qxd3 0-0 13. Ne5 Rc8 14. a4 b4 15. cxb4 Bxb4 16. Rfc1 Qb6 17. Bg5 Rxc1+ 18. Rxc1 Rc8 19. Rxc8+ Bxc8 20. Qc2 Qc5 21. Bxf6 gxf6 22. Qxc5 Bxc5 23. Nd3 Bd6 24. b4 e5 25. Nc6 Bd7 26. b5 Bxc6 27. bxc6 Kf8 28. Nb4 d4 29. exd4 exd4 30. Kf1 d3 31. Nxa6 Ke8 32. Ke1 Bf4 33. g3 Bc1 34. Kd1 d2 35. Nc5 Kd8 36. Nb3 Ba3 37. Kxd2 Kc7 38. Nd4 Bc5 39. Kd3 1-0

[Event "Titled Tuesday intern op 01st Apr Early"]
[Site "Chess.com INT"]
[Date "2025.04.01"]
[Round "2"]
[White "Yushko, Olga"]
[Black "Karttunen, Mika"]
[Result "1/2-1/2"]
[WhiteElo "2060"]
[BlackElo "2489"]
[PlyCount "184"]
[EventDate "2025.04.01"]
[EventType "swiss (blitz)"]
[EventRounds "11"]
[EventCountry "USA"]
[SourceTitle "CB15_2025"]
[SourceDate "2025.04.09"]
[SourceVersion "1"]
[SourceVersionDate "2025.04.09"]
[SourceQuality "1"]

1. d4 Nf6 2. c4 e6 3. Nc3 d5 4. cxd5 exd5 5. Bg5 Bb4 6. e3 h6 7. Bh4 g5 8. Bg3 Ne4 9. Qb3 c5 10. dxc5 Bxc3+ 11. bxc3 Qf6 12. Bb5+ Bd7 13. Ne2 Nc6 14. f3 Nxc5 15. Qxd5 b6 16. Bd6 Rc8 17. 0-0 Ne7 18. Bxe7 Kxe7 19. Bxd7 Nxd7 20. Rfd1 Rhd8 21. Nd4 Kf8 22. Qb3 Nc5 23. Qa3 Rd7 24. Nb5 Rxd1+ 25. Rxd1 Re8 26. Kf2 Qe5 27. c4 Qxh2 28. Nd6 Qh4+ 29. Ke2 Re7 30. Nf5 Qh2 31. Nxe7 Qxg2+ 32. Ke1 Qg1+ 33. Kd2 Qf2+ 34. Kc1 Kxe7 35. Qb2 Qxf3 36. Qd2 Ne6 37. Qd6+ Kf6 38. Qd3 g4 39. Rf1 Ng5 40. Rxf3+ gxf3 41. Qf1 Kf5 42. Kd2 h5 43. Kd3 h4 44. e4+ Kf4 45. Qf2 Kg4 46. Ke3 h3 47. Qh2 f6 48. Qf4+ Kh5 49. Kf2 a5 50. Kg3 a4 51. a3 Kg6 52. Qf5+ Kg7 53. Qd7+ Kg6 54. Qf5+ Kg7 55. Kh2 Kf7 56. Qd5+ Kg6 57. Qf5+ Kg7 58. Qd7+ Kg6 59. Qd6 Nxe4 60. Qf4 Ng5 61. Qd4 Kf5 62. Qxb6 Kg4 63. Qf2 Ne4 64. Qg1+ Kf4 65. Qc1+ Kg4 66. Qe3 f5 67. c5 f2 68. Qe2+ Kf4 69. c6 Ng5 70. c7 Nf3+ 71. Kxh3 Ng1+ 72. Kg2 Nxe2 73. Kxf2 Nc3 74. c8Q Ne4+ 75. Ke2 Ke5 76. Kd3 Nf2+ 77. Kc4 Ne4 78. Kb4 f4 79. Kxa4 f3 80. Qe8+ Kf4 81. Qf7+ Ke3 82. Qf8 f2 83. Kb5 Nd2 84. Qe7+ Kd3 85. Qd6+ Ke2 86. Qe5+ Kf3 87. Qf5+ Ke2 88. Qxf2+ Kxf2 89. a4 Nb3 90. Kb4 Nd4 91. a5 Nc6+ 92. Kb5 Nxa5 1/2-1/2

[Event "Titled Tuesday intern op 25th Mar Early"]
[Site "Chess.com INT"]
[Date "2025.03.25"]
[Round "4"]
[White "Bargsten, Justus"]
[Black "Karttunen, Mika"]
[Result "1/2-1/2"]
[WhiteElo "2229"]
[BlackElo "2489"]
[PlyCount "132"]
[EventDate "2025.03.25"]
[EventType "swiss (blitz)"]
[EventRounds "11"]
[EventCountry "USA"]
[SourceTitle "CB14_2025"]
[SourceDate "2024.11.01"]
[SourceVersion "1"]
[SourceVersionDate "2024.11.01"]
[SourceQuality "1"]

1. c4 e5 2. d3 Nf6 3. Nf3 d6 4. g3 Nbd7 5. Bg2 Be7 6. 0-0 0-0 7. Nc3 c6 8. Rb1 Qc7 9. b4 Re8 10. a4 h6 11. b5 Nc5 12. Ba3 Bg4 13. Qc2 Rad8 14. Rfc1 Bf8 15. h3 Bf5 16. Nd2 Ne6 17. Qb2 Nd4 18. e3 Ne6 19. Nce4 Nd7 20. bxc6 bxc6 21. Qb7 Nb6 22. Qxc7 Nxc7 23. a5 Nc8 24. Rb7 Rd7 25. Rcb1 d5 26. Bxf8 dxe4 27. dxe4 Kxf8 28. exf5 Rxd2 29. Rxc7 e4 30. Rbb7 Nd6 31. Rxa7 Rd1+ 32. Kh2 c5 33. Rxc5 Rc1 34. Rd5 Nxc4 35. Rc7 Nxe3 36. Rxc1 Nxd5 37. Re1 Nf6 38. g4 Ra8 39. Ra1 Ke7 40. Kg3 Kd6 41. Kf4 Kd5 42. a6 Ra7 43. Ra5+ Kd4 44. Ra4+ Kc5 45. Bxe4 Kb5 46. Ra1 Kc5 47. Bg2 Kd4 48. h4 Nd7 49. g5 hxg5+ 50. hxg5 Nc5 51. Kg4 Rxa6 52. Rxa6 Nxa6 53. f6 gxf6 54. f4 Nc5 55. gxf6 Nd7 56. Kf5 Nf8 57. Bf3 Ne6 58. Bh5 Nd8 59. Kg5 Ke4 60. f5 Ke5 61. Bg4 Nc6 62. Bh5 Nd8 63. Bxf7 Nxf7+ 64. Kg6 Nd6 65. f7 Nxf7 66. Kxf7 Kxf5 1/2-1/2

[Event "Titled Tuesday intern op 18th Mar Late"]
[Site "Chess.com INT"]
[Date "2025.03.18"]
[Round "3"]
[White "Karttunen, Mika"]
[Black "Jahnz, Laurin"]
[Result "1-0"]
[WhiteElo "2489"]
[BlackElo "2157"]
[PlyCount "123"]
[EventDate "2025.03.18"]
[EventType "swiss (blitz)"]
[EventRounds "11"]
[EventCountry "USA"]
[SourceTitle "CB13_2025"]
[SourceDate "2025.03.26"]
[SourceVersion "1"]
[SourceVersionDate "2025.03.26"]
[SourceQuality "1"]

1. c4 c6 2. Nc3 d5 3. e3 e6 4. Nf3 Bd6 5. b3 f5 6. Bb2 Nf6 7. Be2 0-0 8. Qc2 Nbd7 9. h3 Ne4 10. g4 Ne5 11. gxf5 Nxf3+ 12. Bxf3 exf5 13. cxd5 cxd5 14. Nxd5 Qh4 15. 0-0-0 Be6 16. Rhg1 Rf7 17. Bxe4 fxe4 18. Nc3 Rc8 19. Kb1 Qxf2 20. Ka1 Qh4 21. Qxe4 Qxe4 22. Nxe4 Bf8 23. Ng5 Re7 24. Nxe6 Rxe6 25. Bd4 a5 26. Rg5 b6 27. Rdg1 Rc7 28. Kb2 Rec6 29. Bc3 h6 30. Rb5 Kh7 31. a3 Rf7 32. Rg4 Rf3 33. h4 Rf2 34. Re4 Rh2 35. Rd5 Rc7 36. Rd8 Be7 37. Rb8 Rxh4 38. Rxh4 Bxh4 39. Rxb6 Bd8 40. Rd6 Rc8 41. Rd5 g5 42. Kc2 g4 43. Kd3 Rb8 44. b4 axb4 45. axb4 Kg6 46. Ke4 h5 47. Rd6+ Kg5 48. Rd5+ Kh4 49. d4 Bg5 50. Be1+ g3 51. Bxg3+ Kg4 52. Bf4 Re8+ 53. Be5 h4 54. Rc5 h3 55. Rc2 Rf8 56. b5 Rf3 57. b6 Rxe3+ 58. Kd5 Rb3 59. Kc6 Be3 60. b7 Bg1 61. b8Q Rxb8 62. Bxb8 1-0

[Event "Titled Tuesday intern op 18th Mar Late"]
[Site "Chess.com INT"]
[Date "2025.03.18"]
[Round "4"]
[White "Khoshkalam, Seyed Mehrab"]
[Black "Karttunen, Mika"]
[Result "1-0"]
[WhiteElo "2248"]
[BlackElo "2489"]
[PlyCount "99"]
[EventDate "2025.03.18"]
[EventType "swiss (blitz)"]
[EventRounds "11"]
[EventCountry "USA"]
[SourceTitle "CB13_2025"]
[SourceDate "2025.03.26"]
[SourceVersion "1"]
[SourceVersionDate "2025.03.26"]
[SourceQuality "1"]

1. e4 e6 2. Nf3 d5 3. e5 a6 4. a3 Bd7 5. b4 Bb5 6. Be2 Bxe2 7. Qxe2 Ne7 8. 0-0 Nf5 9. d4 Be7 10. Nbd2 h5 11. Bb2 Nd7 12. c4 dxc4 13. Nxc4 c6 14. Nfd2 Nb6 15. Qe4 Nxc4 16. Nxc4 Qd5 17. Qd3 Rd8 18. Ne3 Qxe5 19. Nxf5 Qxf5 20. Qxf5 exf5 21. Rfe1 Kd7 22. d5 f6 23. dxc6+ bxc6 24. Rad1+ Bd6 25. Re2 Rhe8 26. Rc2 Re6 27. Bd4 Rc8 28. g3 Ke8 29. f4 Be7 30. Kf2 Rd6 31. Re2 Rcd8 32. Rde1 Rxd4 33. Rxe7+ Kf8 34. Rc7 Rd2+ 35. Re2 Rxe2+ 36. Kxe2 a5 37. Rxc6 axb4 38. axb4 Rb8 39. Rc4 Ke7 40. Kd3 Kd6 41. Kc3 g5 42. Rc5 Ke6 43. b5 h4 44. Kb4 hxg3 45. hxg3 gxf4 46. gxf4 Rd8 47. b6 Rd1 48. Rb5 Rd8 49. b7 Rb8 50. Ka5 1-0

[Event "Titled Tuesday intern op 18th Mar Late"]
[Site "Chess.com INT"]
[Date "2025.03.18"]
[Round "7"]
[White "Rose, Felix"]
[Black "Karttunen, Mika"]
[Result "0-1"]
[WhiteElo "2093"]
[BlackElo "2489"]
[PlyCount "122"]
[EventDate "2025.03.18"]
[EventType "swiss (blitz)"]
[EventRounds "11"]
[EventCountry "USA"]
[SourceTitle "CB13_2025"]
[SourceDate "2025.03.26"]
[SourceVersion "1"]
[SourceVersionDate "2025.03.26"]
[SourceQuality "1"]

1. e4 e5 2. Nf3 Nc6 3. Bb5 Nf6 4. 0-0 d6 5. d4 Bd7 6. Nc3 Nxd4 7. Nxd4 exd4 8. Qxd4 Bxb5 9. Nxb5 a6 10. Nc3 Be7 11. Bg5 0-0 12. Rad1 Qc8 13. Rfe1 Re8 14. Qd3 Nd7 15. Bxe7 Rxe7 16. Nd5 Re6 17. Qc3 c6 18. Nf4 Rh6 19. Re3 Ne5 20. Rg3 Qf8 21. Ne2 Re8 22. Nd4 Rg6 23. Nf5 Ree6 24. Qb4 Rxg3 25. hxg3 b5 26. Nxd6 Nc4 27. e5 Nxe5 28. a3 a5 29. Qc5 Nc4 30. Nb7 Qxc5 31. Nxc5 Re8 32. b3 Nxa3 33. Ra1 Nxc2 34. Rxa5 Nd4 35. Ra6 g6 36. b4 Re1+ 37. Kh2 Rb1 38. Nd3 Rb3 39. Ne5 Rc3 40. Ra8+ Kg7 41. Ra7 Kf6 42. Nxf7 Rc4 43. Nd8 Rxb4 44. Nxc6 Nxc6 45. Ra6 Rc4 46. Rb6 b4 47. Kh3 Ke5 48. f4+ Kd5 49. Rb7 Kc5 50. Rxh7 b3 51. Rb7 Rb4 52. Rc7 b2 53. Kg4 b1Q 54. Kg5 Qf5+ 55. Kh6 Qh5+ 56. Kg7 Qg4 57. Rf7 Qxg3 58. f5 gxf5+ 59. Kf6 Qe5+ 60. Kg6 Rg4+ 61. Kh7 Qh2# 0-1

[Event "Titled Tuesday intern op 11th Mar Early"]
[Site "Chess.com INT"]
[Date "2025.03.11"]
[Round "8"]
[White "Karttunen, Mika"]
[Black "Balakrishnan, Praveen"]
[Result "0-1"]
[WhiteElo "2489"]
[BlackElo "2489"]
[PlyCount "50"]
[EventDate "2025.03.11"]
[EventType "swiss (blitz)"]
[EventRounds "11"]
[EventCountry "USA"]
[SourceTitle "CB12_2025"]
[SourceDate "2025.03.19"]
[SourceVersion "1"]
[SourceVersionDate "2025.03.19"]
[SourceQuality "1"]

1. e4 g6 2. d4 Bg7 3. Nc3 d6 4. Be2 Nf6 5. h4 0-0 6. h5 c5 7. d5 b5 8. Qd3 b4 9. Nd1 e6 10. Bg5 exd5 11. hxg6 hxg6 12. exd5 Re8 13. Qc4 Ba6 14. Qh4 Nbd7 15. Ne3 Qa5 16. Kf1 Re4 17. Qh2 Re5 18. Bf4 Rh5 19. Nh3 Bxe2+ 20. Kxe2 Qb5+ 21. Ke1 Nxd5 22. Nxd5 Rxd5 23. Ng5 Re8+ 24. Be3 Rxg5 25. Qxd6 Rxg2 0-1

[Event "Titled Tuesday intern op 11th Mar Early"]
[Site "Chess.com INT"]
[Date "2025.03.11"]
[Round "6"]
[White "Karttunen, Mika"]
[Black "Myagmarsuren, Evsuld"]
[Result "1-0"]
[WhiteElo "2489"]
[BlackElo "2314"]
[PlyCount "57"]
[EventDate "2025.03.11"]
[EventType "swiss (blitz)"]
[EventRounds "11"]
[EventCountry "USA"]
[SourceTitle "CB12_2025"]
[SourceDate "2025.03.19"]
[SourceVersion "1"]
[SourceVersionDate "2025.03.19"]
[SourceQuality "1"]

1. e4 c5 2. Nf3 g6 3. d4 cxd4 4. Qxd4 Nf6 5. e5 Nc6 6. Qa4 Nd5 7. Qe4 Nb6 8. Bf4 Bg7 9. Nc3 d5 10. exd6 0-0 11. 0-0-0 Bf5 12. Qe3 Re8 13. Bg5 f6 14. d7 Nxd7 15. Bc4+ Kh8 16. Bh6 Qb6 17. Bxg7+ Kxg7 18. Qf4 Nde5 19. Nh4 Nxc4 20. Nxf5+ gxf5 21. Qxc4 Ne5 22. Qh4 Rac8 23. Rhe1 Ng6 24. Qd4 Qxd4 25. Rxd4 Rc7 26. Nd5 Rd7 27. Red1 Red8 28. R4d2 Ne5 29. Nf4 1-0

[Event "Titled Tuesday intern op 11th Mar Early"]
[Site "Chess.com INT"]
[Date "2025.03.11"]
[Round "4"]
[White "Kjaergaard Jensen, Jesper"]
[Black "Karttunen, Mika"]
[Result "0-1"]
[WhiteElo "2081"]
[BlackElo "2489"]
[PlyCount "60"]
[EventDate "2025.03.11"]
[EventType "swiss (blitz)"]
[EventRounds "11"]
[EventCountry "USA"]
[SourceTitle "CB12_2025"]
[SourceDate "2025.03.19"]
[SourceVersion "1"]
[SourceVersionDate "2025.03.19"]
[SourceQuality "1"]

1. d4 d5 2. Nf3 Nf6 3. c3 e6 4. Bg5 Be7 5. Nbd2 Nbd7 6. Bxf6 Nxf6 7. Ne5 Nd7 8. e4 Nxe5 9. dxe5 0-0 10. Bd3 d4 11. c4 f6 12. exf6 Bxf6 13. 0-0 e5 14. f4 c5 15. fxe5 Bxe5 16. Qh5 Rxf1+ 17. Rxf1 Qe7 18. Nf3 Bf4 19. e5 g5 20. Bxh7+ Qxh7 21. Qe8+ Kg7 22. h4 Qf5 23. Qe7+ Qf7 24. Qxc5 Be3+ 25. Kh1 b6 26. Qc6 Bb7 27. Qf6+ Qxf6 28. exf6+ Kxf6 29. Nxd4+ Kg6 30. Nf5 Bc5 0-1

[Event "Titled Tuesday intern op 04th Mar Early"]
[Site "Chess.com INT"]
[Date "2025.03.04"]
[Round "3"]
[White "Karttunen, Mika"]
[Black "Jimenez Fernandez, Rebeca"]
[Result "1-0"]
[WhiteElo "2489"]
[BlackElo "2167"]
[PlyCount "59"]
[EventDate "2025.03.04"]
[EventType "swiss (blitz)"]
[EventRounds "11"]
[EventCountry "USA"]
[SourceTitle "CB11_2025"]
[SourceDate "2025.03.12"]
[SourceVersion "1"]
[SourceVersionDate "2025.03.12"]
[SourceQuality "1"]

1. d4 d5 2. c4 c6 3. Nc3 Nf6 4. Nf3 e6 5. e3 Nbd7 6. Bd3 dxc4 7. Bxc4 b5 8. Bd3 a6 9. 0-0 Bb7 10. e4 c5 11. e5 Nd5 12. Ne4 cxd4 13. a3 Nc5 14. Nxc5 Bxc5 15. Ng5 h6 16. Qh5 g6 17. Bxg6 fxg6 18. Qxg6+ Kd7 19. Qxe6+ Kc7 20. Qf7+ Kb6 21. Qe6+ Ka7 22. Ne4 Bb6 23. Nd6 Rb8 24. a4 Rg8 25. g3 Ka8 26. axb5 a5 27. Bd2 Nb4 28. Bxb4 d3 29. Bxa5 Bxa5 30. b4 1-0

[Event "Titled Tuesday intern op 11th Feb Early"]
[Site "Chess.com INT"]
[Date "2025.02.11"]
[Round "5"]
[White "Arnav, Maheshwari"]
[Black "Karttunen, Mika"]
[Result "0-1"]
[WhiteElo "2305"]
[BlackElo "2487"]
[PlyCount "46"]
[EventDate "2025.02.11"]
[EventType "swiss (blitz)"]
[EventRounds "11"]
[EventCountry "USA"]
[SourceTitle "CB09_2025"]
[SourceDate "2025.02.27"]
[SourceVersion "1"]
[SourceVersionDate "2025.02.27"]
[SourceQuality "1"]

1. e4 c5 2. Nf3 d6 3. Bb5+ Nd7 4. Ba4 a6 5. c4 e5 6. b4 cxb4 7. d4 exd4 8. 0-0 Ngf6 9. Nxd4 Be7 10. Nf5 0-0 11. Nxd6 Nc5 12. e5 Nfe4 13. Nxe4 Qxd1 14. Bxd1 Nxe4 15. Bf3 Bf5 16. Re1 Nc5 17. Be3 Rad8 18. Nd2 Nd3 19. Re2 b5 20. cxb5 axb5 21. Bc6 Nxe5 22. Bxb5 Bf6 23. Rc1 Rb8 0-1

[Event "Titled Tuesday intern op 11th Feb Early"]
[Site "Chess.com INT"]
[Date "2025.02.11"]
[Round "1"]
[White "Karttunen, Mika"]
[Black "Liu, Zhaoqi"]
[Result "1-0"]
[WhiteElo "2487"]
[BlackElo "2400"]
[PlyCount "91"]
[EventDate "2025.02.11"]
[EventType "swiss (blitz)"]
[EventRounds "11"]
[EventCountry "USA"]
[SourceTitle "CB09_2025"]
[SourceDate "2025.02.27"]
[SourceVersion "1"]
[SourceVersionDate "2025.02.27"]
[SourceQuality "1"]

1. e4 e6 2. d4 d5 3. Nc3 Bb4 4. e5 c5 5. a3 Ba5 6. b4 cxd4 7. Qg4 Ne7 8. Nb5 Bc7 9. Nf3 Nbc6 10. Qxg7 Rg8 11. Qxh7 Bxe5 12. Bb2 Bf6 13. Nbxd4 e5 14. Nxc6 bxc6 15. Nxe5 Be6 16. Qd3 Bf5 17. Qe2 Qd6 18. 0-0-0 Be4 19. f4 Bxe5 20. Bxe5 Qg6 21. Rd2 a5 22. b5 cxb5 23. Qxb5+ Kf8 24. Bd3 Rc8 25. Re1 Bxd3 26. Rxd3 Qxg2 27. Rd2 Qg6 28. Qxa5 Qe6 29. Bg7+ Kxg7 30. Rxe6 fxe6 31. Qa7 Kf6 32. Qd4+ Kf7 33. Re2 Nf5 34. Qa7+ Kf6 35. Qb6 Rg1+ 36. Qxg1 Rb8 37. Qg5+ Kf7 38. Qh5+ Ke7 39. Qh7+ Kd6 40. Qa7 Rc8 41. a4 d4 42. a5 d3 43. Rd2 Rxc2+ 44. Rxc2 dxc2 45. a6 Kd5 46. Qb7+ 1-0

[Event "Titled Tuesday intern op 11th Feb Early"]
[Site "Chess.com INT"]
[Date "2025.02.11"]
[Round "4"]
[White "Karttunen, Mika"]
[Black "Saya, Ethan"]
[Result "1/2-1/2"]
[WhiteElo "2487"]
[BlackElo "2228"]
[PlyCount "200"]
[EventDate "2025.02.11"]
[EventType "swiss (blitz)"]
[EventRounds "11"]
[EventCountry "USA"]
[SourceTitle "CB08_2025"]
[SourceDate "2025.02.19"]
[SourceVersion "1"]
[SourceVersionDate "2025.02.19"]
[SourceQuality "1"]

1. d4 d5 2. c4 c6 3. e3 Nf6 4. Nc3 e6 5. Nf3 Nbd7 6. Bd3 dxc4 7. Bxc4 b5 8. Bd3 a6 9. Qc2 c5 10. Ne4 cxd4 11. exd4 Bb4+ 12. Ke2 Bb7 13. Rd1 Rc8 14. Qb1 0-0 15. a3 Be7 16. Bd2 Nxe4 17. Bxe4 Bxe4 18. Qxe4 Nf6 19. Qd3 Qd5 20. Rac1 Bd6 21. Rxc8 Rxc8 22. Rc1 Rxc1 23. Bxc1 Ne4 24. Qc2 Qb7 25. Be3 h6 26. h4 Nf6 27. g3 Nd5 28. Nd2 Nxe3 29. Kxe3 e5 30. Ne4 exd4+ 31. Kxd4 Bc7 32. Qb3 Bb6+ 33. Kd3 Qc6 34. f3 Qc1 35. Ke2 Qg1 36. a4 Qg2+ 37. Kd1 Bd4 38. axb5 axb5 39. Qxb5 Qxf3+ 40. Qe2 Qh1+ 41. Kc2 Qa1 42. Nc3 g6 43. Qe8+ Kg7 44. Qe4 Bf6 45. Qd3 h5 46. Qe3 Qf1 47. Ne2 Qg2 48. b3 Qc6+ 49. Kd1 Qb5 50. Kc2 Qc6+ 51. Kd1 Qh1+ 52. Kc2 Qa1 53. Nc1 Qb2+ 54. Kd1 Bc3 55. Qd3 Bf6 56. Qc2 Qd4+ 57. Qd3 Qg1+ 58. Kc2 Qc5+ 59. Qc4 Qf5+ 60. Qd3 Qg4 61. Ne2 Qb4 62. Qc4 Qa3 63. b4 Qb2+ 64. Kd1 Qb1+ 65. Kd2 Qb2+ 66. Kd3 Qb1+ 67. Ke3 Qa1 68. b5 Qe5+ 69. Kd3 Qf5+ 70. Kd2 Qd7+ 71. Qd3 Qb7 72. Qc4 Qd7+ 73. Kc2 Qf5+ 74. Qd3 Qe6 75. Qb3 Qf5+ 76. Kd2 Qe5 77. b6 Qd6+ 78. Ke1 Qb8 79. b7 Be5 80. Kf2 Bc7 81. Qc3+ Kg8 82. Qc6 Bd6 83. Qc8+ Kg7 84. Kf3 Bc7 85. Nd4 Bxg3 86. Qxb8 Bxb8 87. Nc6 Bc7 88. Ke4 f6 89. Ne7 g5 90. Nd5 Bb8 91. hxg5 fxg5 92. Kf5 g4 93. Ne3 Kh6 94. Nxg4+ hxg4 95. Kxg4 Kg6 96. Kf3 Kf6 97. Ke4 Ke6 98. Kd3 Kd6 99. Ke2 Kc6 100. Kf3 Kxb7 1/2-1/2

[Event "Titled Tuesday intern op 11th Feb Early"]
[Site "Chess.com INT"]
[Date "2025.02.11"]
[Round "8"]
[White "Kim, Sergey2"]
[Black "Karttunen, Mika"]
[Result "0-1"]
[WhiteElo "2295"]
[BlackElo "2487"]
[PlyCount "46"]
[EventDate "2025.02.11"]
[EventType "swiss (blitz)"]
[EventRounds "11"]
[EventCountry "USA"]
[SourceTitle "CB09_2025"]
[SourceDate "2025.02.27"]
[SourceVersion "1"]
[SourceVersionDate "2025.02.27"]
[SourceQuality "1"]

1. d4 Nf6 2. c4 e6 3. Nc3 d5 4. Nf3 Bb4 5. e3 c5 6. Bd3 Nc6 7. 0-0 0-0 8. a3 Bxc3 9. bxc3 Qc7 10. a4 dxc4 11. Bxc4 Rd8 12. Qe2 e5 13. Bb2 Bg4 14. h3 Bh5 15. g4 Nxg4 16. hxg4 Bxg4 17. e4 exd4 18. cxd4 Qf4 19. Ra3 cxd4 20. Bd5 Ne5 21. Kg2 Rd6 22. Bxd4 Bxf3+ 23. Rxf3 Nxf3 0-1

[Event "Titled Tuesday intern op 11th Feb Early"]
[Site "Chess.com INT"]
[Date "2025.02.11"]
[Round "3"]
[White "Svane, Rasmus"]
[Black "Karttunen, Mika"]
[Result "1-0"]
[WhiteElo "2621"]
[BlackElo "2487"]
[PlyCount "121"]
[EventDate "2025.02.11"]
[EventType "swiss (blitz)"]
[EventRounds "11"]
[EventCountry "USA"]
[SourceTitle "CB08_2025"]
[SourceDate "2025.02.19"]
[SourceVersion "1"]
[SourceVersionDate "2025.02.19"]
[SourceQuality "1"]

1. Nf3 Nf6 2. c4 g6 3. g3 Bg7 4. Bg2 d6 5. d4 0-0 6. 0-0 c6 7. Nc3 Bf5 8. Be3 Qa5 9. Qb3 Qa6 10. Rac1 Ne4 11. Nb1 Bc8 12. Rfd1 Nd7 13. Bf4 Qb6 14. Qc2 f5 15. b3 Ndf6 16. h3 Nh5 17. Be3 Qd8 18. d5 c5 19. g4 Nhf6 20. g5 Nh5 21. Nh4 f4 22. Qxe4 fxe3 23. fxe3 Bf5 24. Nxf5 Rxf5 25. Qg4 Be5 26. Nd2 Ng3 27. Ne4 Nxe4 28. Bxe4 Rf8 29. Rf1 Qc8 30. Qg2 Kg7 31. h4 Qd7 32. Rf3 Rxf3 33. exf3 Rf8 34. f4 Bxf4 35. exf4 Rxf4 36. Bf3 Qf5 37. Rf1 Rxh4 38. Be2 Qe5 39. Rf3 Re4 40. Qf2 Qxg5+ 41. Kf1 Qc1+ 42. Kg2 Qg5+ 43. Rg3 Qe5 44. Bf3 Rf4 45. Qe2 Qf6 46. Rg4 Rf5 47. Re4 Qg5+ 48. Kf2 Rf7 49. a3 h5 50. b4 b6 51. Qe3 Qf6 52. Qe2 Qg5 53. Kf1 Qf5 54. Re3 Qh3+ 55. Ke1 Qg3+ 56. Kd1 Qf4 57. Be4 Qe5 58. Bc2 Qd4+ 59. Kc1 Qa1+ 60. Kd2 Qxa3 61. Rxa3 1-0

[Event "Titled Tuesday intern op 04th Feb Early"]
[Site "Chess.com INT"]
[Date "2025.02.04"]
[Round "1"]
[White "Jahnz, Laurin"]
[Black "Karttunen, Mika"]
[Result "0-1"]
[WhiteElo "2179"]
[BlackElo "2487"]
[PlyCount "120"]
[EventDate "2025.02.04"]
[EventType "swiss (blitz)"]
[EventRounds "11"]
[EventCountry "USA"]
[SourceTitle "CB07_2025"]
[SourceDate "2025.02.12"]
[SourceVersion "1"]
[SourceVersionDate "2025.02.12"]
[SourceQuality "1"]

1. e4 c5 2. Nf3 d6 3. Bb5+ Nd7 4. 0-0 a6 5. Bxd7+ Bxd7 6. Qe2 e6 7. Rd1 Nf6 8. c3 Bc6 9. d3 Be7 10. Nbd2 b5 11. d4 cxd4 12. cxd4 0-0 13. e5 Nd7 14. Ne4 dxe5 15. dxe5 h6 16. Bf4 Qb6 17. Rac1 Qb7 18. Nd6 Bxd6 19. Rxd6 Bxf3 20. Qxf3 Qxf3 21. gxf3 Ra7 22. Rcd1 Nc5 23. Be3 Rc7 24. Rc1 Rfc8 25. Kg2 a5 26. Rb6 b4 27. Rb5 Nd3 28. Rxc7 Rxc7 29. Rxa5 Nxb2 30. Ra8+ Kh7 31. Rb8 Nd3 32. Bd2 Rc2 33. Bxb4 Rxf2+ 34. Kg3 Rxa2 35. Bd6 g5 36. Rb7 Kg6 37. f4 Nxf4 38. Rb3 Rg2+ 39. Kf3 Rxh2 40. Rb8 Kf5 41. Rf8 g4+ 42. Ke3 Re2+ 43. Kd4 Kg6 44. Rg8+ Kh5 45. Rg7 g3 46. Rxg3 Rg2 47. Rf3 Kg4 48. Rf1 h5 49. Be7 Rd2+ 50. Kc5 Rd5+ 51. Kc6 Rxe5 52. Bd6 Rf5 53. Rg1+ Kh3 54. Rh1+ Kg2 55. Rh4 Ng6 56. Ra4 h4 57. Ra2+ Rf2 58. Ra7 h3 59. Ra8 h2 60. Bxh2 Kxh2 0-1

[Event "Titled Tuesday intern op 04th Feb Early"]
[Site "Chess.com INT"]
[Date "2025.02.04"]
[Round "5"]
[White "Karttunen, Mika"]
[Black "Malek, Jan"]
[Result "0-1"]
[WhiteElo "2487"]
[BlackElo "2504"]
[PlyCount "64"]
[EventDate "2025.02.04"]
[EventType "swiss (blitz)"]
[EventRounds "11"]
[EventCountry "USA"]
[SourceTitle "CB07_2025"]
[SourceDate "2025.02.12"]
[SourceVersion "1"]
[SourceVersionDate "2025.02.12"]
[SourceQuality "1"]

1. e4 e6 2. d4 d5 3. Nc3 Bb4 4. e5 Qd7 5. h4 b6 6. Rh3 Ba6 7. Qg4 f5 8. Qh5+ Qf7 9. Qd1 Bxf1 10. Kxf1 Nh6 11. h5 Ng4 12. Nce2 Be7 13. Nf3 Nc6 14. c4 0-0-0 15. Qa4 Kb7 16. c5 a6 17. Ng5 Bxg5 18. Bxg5 Rc8 19. Rc1 Qd7 20. Ra3 Ra8 21. Rb3 b5 22. Nc3 Rhb8 23. Ne2 Kc8 24. Qa3 b4 25. Qa4 Rb5 26. Nc3 Ra5 27. Qxa5 Nxa5 28. Rxb4 Nc6 29. Ra4 Qe8 30. f3 Qxh5 31. fxg4 Qxg5 32. gxf5 Qxc1+ 0-1

[Event "Titled Tuesday intern op 28th Jan Early"]
[Site "Chess.com INT"]
[Date "2025.01.28"]
[Round "7"]
[White "Karttunen, Mika"]
[Black "Gyenes, Mate"]
[Result "1-0"]
[WhiteElo "2480"]
[BlackElo "2230"]
[PlyCount "139"]
[EventDate "2025.01.28"]
[EventType "swiss (blitz)"]
[EventRounds "11"]
[EventCountry "USA"]
[SourceTitle "CB06_2025"]
[SourceDate "2025.02.05"]
[SourceVersion "1"]
[SourceVersionDate "2025.02.05"]
[SourceQuality "1"]

1. e4 Nf6 2. e5 Nd5 3. c4 Nb6 4. d4 d6 5. f4 g6 6. Nc3 Bg7 7. Nf3 0-0 8. h3 c5 9. dxc5 dxc5 10. Qxd8 Rxd8 11. Be3 Na6 12. a3 Be6 13. b3 Bf5 14. Rc1 Bd3 15. Bxd3 Rxd3 16. Ke2 Rad8 17. Rhd1 Rxd1 18. Rxd1 Rxd1 19. Kxd1 Nd7 20. Nb5 Kf8 21. Nxa7 Nc7 22. Nb5 Nxb5 23. cxb5 Ke8 24. Nd2 e6 25. Nc4 Bf8 26. a4 Kd8 27. a5 Kc7 28. Ke2 f6 29. Kf3 fxe5 30. fxe5 Bg7 31. Ke4 Bf8 32. Bg5 h6 33. Bf6 h5 34. g4 hxg4 35. hxg4 Nb8 36. Nd6 Nd7 37. Ne8+ Kc8 38. Bg5 Bg7 39. Bf6 Bf8 40. g5 Nb8 41. Nd6+ Kc7 42. Nc4 Nd7 43. Ke3 Kc8 44. Kd3 Nb8 45. Nb6+ Kc7 46. Kc4 Nd7 47. Nxd7 Kxd7 48. a6 bxa6 49. bxa6 Kc6 50. Bd8 Bg7 51. Bf6 Bf8 52. Bh8 Kb6 53. Bf6 Kxa6 54. Bd8 Kb7 55. Kb5 Bg7 56. Bf6 Bf8 57. Bd8 Bg7 58. Bf6 Bf8 59. Bh8 Kc7 60. Bf6 Kd7 61. Kb6 Kc8 62. Kc6 Kb8 63. Kd7 Kb7 64. Kxe6 Kc6 65. Kf7 Kb5 66. Kxf8 Kb4 67. Be7 Kxb3 68. Bxc5 Kc4 69. e6 Kd5 70. e7 1-0